[Event "41st Festival MTO"]
[Site "Biel SUI"]
[Date "2008.07.28"]
[Round "7"]
[White "Mas,H"]
[Black "Karrer,D"]
[Result "1-0"]
[WhiteElo "2386"]
[BlackElo "2033"]
[EventDate "2008.07.21"]

1. e4 c5 2. Nf3 Nc6 3. d4 cxd4 4. Nxd4 Nf6 5. Nc3 e5 6. Ndb5 d6 7. Bg5 a6
8. Na3 b5 9. Nd5 Be7 10. Bxf6 Bxf6 11. c3 O-O 12. Nc2 Bg5 13. a4 bxa4 14.
Rxa4 a5 15. Bc4 Rb8 16. b3 Kh8 17. h4 Bh6 18. g4 Bf4 19. g5 f5 20. gxf6
gxf6 21. Qh5 Bd7 22. Rg1 f5 23. Nce3 Be8 24. Qf3 Bxe3 25. Nxe3 Bf7 26. exf5
Bxc4 27. Rxc4 Ne7 28. Rcg4 Rxb3 29. Rg7 Rb1+ 30. Nd1 Rxf5 31. Qg4 1-0

[Event "41st Festival MTO"]
[Site "Biel SUI"]
[Date "2008.07.28"]
[Round "7"]
[White "Tairova,E"]
[Black "Schiendorfer,E"]
[Result "1-0"]
[WhiteElo "2417"]
[BlackElo "2234"]
[EventDate "2008.07.21"]

1. e4 c5 2. Nf3 d6 3. d4 cxd4 4. Nxd4 Nf6 5. Nc3 a6 6. Bg5 e6 7. f4 Nbd7 8.
Qf3 Qc7 9. O-O-O b5 10. Bd3 Bb7 11. Rhe1 Qb6 12. Nb3 b4 13. Na4 Qc7 14. Nd4
Be7 15. Qh3 Nc5 16. Nxc5 dxc5 17. Nxe6 fxe6 18. Bc4 Bc8 19. Bxe6 Bxe6 20.
Qxe6 Qc8 21. Qc4 h6 22. e5 Ng8 23. Bxe7 Nxe7 24. Rd6 h5 25. Kb1 Rh6 26.
Red1 Rb8 27. f5 Rxd6 28. exd6 Qxf5 29. Rf1 Qg6 30. dxe7 Kxe7 31. Qxc5+ 1-0

[Event "41st Festival MTO"]
[Site "Biel SUI"]
[Date "2008.07.28"]
[Round "7"]
[White "Skoberne,J"]
[Black "Kvisla,J"]
[Result "1-0"]
[WhiteElo "2499"]
[BlackElo "2180"]
[EventDate "2008.07.21"]

1. Nf3 e6 2. c4 Nf6 3. g3 d5 4. Bg2 dxc4 5. Qa4+ Nbd7 6. Qxc4 c5 7. d3 a6
8. Qc2 Bd6 9. O-O Rb8 10. b3 O-O 11. Bb2 b5 12. e4 Be7 13. Nbd2 Bb7 14.
Rac1 Qb6 15. Qb1 Rbc8 16. Qa1 Rfd8 17. Rfd1 Nb8 18. Ne5 Nc6 19. Ndf3 Nxe5
20. Nxe5 Bf8 21. h4 h6 22. Bf3 Be7 23. Rc2 Bf8 24. Qc1 Nd7 25. Ng4 f5 26.
Nh2 Bd6 27. Qa1 Bf8 28. Re2 c4 29. dxc4 bxc4 30. bxc4 Rxc4 31. exf5 exf5
32. Red2 Bxf3 33. Nxf3 Rb8 34. Be5 Rb7 35. Rxd7 Rxd7 36. Rxd7 Rc2 37. Rd2
Rxd2 38. Nxd2 Bc5 39. Qf1 1-0

[Event "41st Festival MTO"]
[Site "Biel SUI"]
[Date "2008.07.28"]
[Round "7"]
[White "Rasch,H"]
[Black "Baramidze,D"]
[Result "1/2-1/2"]
[WhiteElo "2288"]
[BlackElo "2593"]
[EventDate "2008.07.21"]

1. e4 e5 2. Nf3 Nc6 3. Bb5 a6 4. Bxc6 dxc6 5. O-O f6 6. d4 exd4 7. Nxd4 c5
8. Nb3 Qxd1 9. Rxd1 Bg4 10. f3 Be6 11. Nc3 c4 12. Nd4 Bc5 13. Be3 Bxd4 14.
Rxd4 Ne7 15. Rad1 Kf7 16. Bf4 Rac8 17. Nd5 Bxd5 18. exd5 Rhd8 19. Bxc7 Rxc7
20. d6 Rc5 21. dxe7 Rxd4 22. Rxd4 Kxe7 23. a4 Ke6 24. Kf2 b5 1/2-1/2

[Event "41st Festival MTO"]
[Site "Biel SUI"]
[Date "2008.07.28"]
[Round "7"]
[White "Kritz,L"]
[Black "Hug,W"]
[Result "1-0"]
[WhiteElo "2610"]
[BlackElo "2437"]
[EventDate "2008.07.21"]

1. e4 e6 2. d4 d5 3. Nc3 Bb4 4. e5 c5 5. a3 Ba5 6. b4 cxb4 7. Nb5 b3+ 8. c3
Nc6 9. Bd2 f6 10. f4 fxe5 11. fxe5 Qh4+ 12. Ke2 Nh6 13. Nd6+ Kd7 14. Nf3
Qh5 15. Qxb3 Bb6 16. Ke1 Kc7 17. Be2 Nf5 18. Rg1 Qg4 19. g3 Rf8 20. Qd1 Qh3
21. Bf4 Nh4 22. gxh4 Rxf4 23. Rg3 Rxf3 24. Rxh3 Rxh3 25. Kd2 a6 26. Qf1
Rxh2 27. Qg1 Rxh4 28. Qg3 g5 29. Qxg5 Rh2 30. Qg3 Rxe2+ 31. Kxe2 Bd7 32.
Qg7 Na5 33. Rb1 1-0

[Event "41st Festival MTO"]
[Site "Biel SUI"]
[Date "2008.07.28"]
[Round "7"]
[White "Huhndorf,A"]
[Black "Thomassen,J"]
[Result "0-1"]
[WhiteElo "2285"]
[BlackElo "2357"]
[EventDate "2008.07.21"]

1. d4 Nf6 2. c4 c5 3. d5 e6 4. Nc3 exd5 5. cxd5 d6 6. e4 g6 7. h3 Bg7 8.
Nf3 O-O 9. Bd3 Nbd7 10. O-O Nh5 11. Bg5 Bf6 12. Be3 a6 13. a4 b6 14. Be2
Ra7 15. Nh2 Ng7 16. Ng4 Be7 17. Nh6+ Kh8 18. f4 f5 19. e5 dxe5 20. d6 Bf6
21. Qb3 Qe8 22. Rfe1 Ne6 23. Bc4 Nd4 24. Bxd4 cxd4 25. fxe5 Nxe5 26. Nd5
Bg7 27. Qg3 Qd8 28. Rxe5 Qxd6 29. Rae1 Bxh6 30. Qh4 Be3+ 31. Nxe3 Qxe5 32.
Nd5 Qg7 33. Qf4 g5 34. Qd6 Rd7 35. Qe6 b5 36. axb5 axb5 37. Bb3 Rdf7 38.
Qd6 g4 39. h4 f4 40. h5 f3 0-1

[Event "41st Festival MTO"]
[Site "Biel SUI"]
[Date "2008.07.28"]
[Round "7"]
[White "Cebalo,M"]
[Black "Avrukh,B"]
[Result "0-1"]
[WhiteElo "2523"]
[BlackElo "2656"]
[EventDate "2008.07.21"]

1. d4 Nf6 2. c4 g6 3. Nc3 d5 4. Nf3 Bg7 5. Bg5 Ne4 6. Bh4 Nxc3 7. bxc3 dxc4
8. Qa4+ Nd7 9. Qxc4 c5 10. e3 Qa5 11. Rb1 cxd4 12. Nxd4 Qc5 13. Nb5 Be5 14.
Bg3 Qxc4 15. Bxc4 O-O 16. Be2 Bxg3 17. hxg3 Nc5 18. Rh4 Bf5 19. Rbb4 Rfc8
20. f3 Bd7 21. Nd4 b6 22. Kd2 Rd8 23. Kc2 Rac8 24. Nb3 Bf5+ 25. e4 Be6 26.
Bc4 Bd7 27. Nd2 Ba4+ 28. Bb3 b5 29. e5 Nd3 30. Rbe4 b4 31. Nc4 Bb5 0-1

[Event "41st Festival MTO"]
[Site "Biel SUI"]
[Date "2008.07.28"]
[Round "7"]
[White "Nezad,H"]
[Black "Ulibin,M"]
[Result "1-0"]
[WhiteElo "2372"]
[BlackElo "2520"]
[EventDate "2008.07.21"]

1. e4 g6 2. d4 Bg7 3. Nf3 d6 4. Bc4 e6 5. Bb3 Ne7 6. O-O h6 7. c3 O-O 8.
Bf4 Nbc6 9. Nbd2 g5 10. Bg3 Ng6 11. Nc4 g4 12. Nfd2 e5 13. dxe5 dxe5 14.
Ne3 h5 15. f3 Qg5 16. Bf2 Nf4 17. Nf5 Nxg2 18. fxg4 Rd8 19. h4 Qxg4 20.
Qxg4 hxg4 21. Kxg2 Rxd2 22. Kg3 Rxb2 23. Be3 Be6 24. Bd5 Re2 25. Bg5 Bf8
26. Rab1 Bxd5 27. exd5 Na5 28. Kxg4 Rxa2 29. Kh5 Re8 30. Bf6 Kh7 31. Rg1
Nc4 32. Rxb7 Ra6 33. Bg5 Rc8 34. Be7 Rg6 35. Rg4 Nd6 36. Bxd6 cxd6 37.
Rxf7+ 1-0

[Event "41st Festival MTO"]
[Site "Biel SUI"]
[Date "2008.07.28"]
[Round "7"]
[White "Ramesh,R"]
[Black "Bauer,Ch"]
[Result "0-1"]
[WhiteElo "2478"]
[BlackElo "2583"]
[EventDate "2008.07.21"]

1. e4 e6 2. d4 d5 3. Nd2 Nf6 4. e5 Nfd7 5. c3 c5 6. Bd3 Nc6 7. Ngf3 g6 8.
h4 h6 9. Bc2 Bg7 10. Nf1 b5 11. Ng3 Ba6 12. O-O b4 13. Re1 bxc3 14. bxc3
Rc8 15. Rb1 O-O 16. Rb3 Qc7 17. Ra3 Bb5 18. Bb1 Nb6 19. h5 cxd4 20. Nxd4
Nxd4 21. cxd4 g5 22. Rb3 Ba4 23. Qd3 f5 24. exf6 Bxf6 25. Rc3 Qf7 26. Rxc8
Rxc8 27. Ne2 Rc7 28. Qg3 Bc2 29. Bf4 Rc4 30. Be5 Bxe5 31. Qxe5 Nd7 32. Qd6
Nf8 33. f4 Bxb1 34. Rxb1 Rc2 35. Re1 Qxh5 36. Ng3 Qg4 37. fxg5 Qxd4+ 38.
Kh2 Qh4+ 39. Kg1 Qd4+ 40. Kh2 Qf2 41. Rg1 Rc4 0-1

[Event "41st Festival MTO"]
[Site "Biel SUI"]
[Date "2008.07.28"]
[Round "7"]
[White "Narayanan,Sr"]
[Black "Klauser,M"]
[Result "1-0"]
[WhiteElo "2220"]
[BlackElo "2394"]
[EventDate "2008.07.21"]

1. e4 e5 2. Nf3 Nc6 3. Bc4 Bc5 4. c3 Nf6 5. d3 a6 6. O-O Ba7 7. Bb3 d6 8.
Nbd2 O-O 9. h3 Be6 10. Re1 Bxb3 11. axb3 d5 12. Nh2 dxe4 13. dxe4 Qd3 14.
Ng4 Nxg4 15. Qxg4 Rad8 16. Nf3 Rd6 17. b4 Qc2 18. Qg3 Rg6 19. Qh4 h6 20.
Nh2 Rd8 21. Ng4 Rd1 22. Rxd1 Qxd1+ 23. Kh2 Qf1 24. b5 Qxb5 25. Be3 Qxb2 26.
Rd1 Bxe3 27. Nxe3 Qxc3 28. Nf5 Rg5 29. Rd7 Qa5 30. Rd5 Qa1 31. Rd7 Qa5 32.
Rd5 Qe1 33. Rd7 Nd4 34. Nxd4 exd4 35. Qf4 Qf1 36. Qxf7+ Kh7 37. g3 d3 38.
h4 Rg6 39. Qf5 Kg8 40. Rd8+ Kh7 41. h5 1-0

[Event "41st Festival MTO"]
[Site "Biel SUI"]
[Date "2008.07.28"]
[Round "7"]
[White "Benkovic,P"]
[Black "Shachar,E"]
[Result "1-0"]
[WhiteElo "2479"]
[BlackElo "2366"]
[EventDate "2008.07.21"]

1. d4 e6 2. Nf3 f5 3. d5 Bd6 4. dxe6 dxe6 5. e4 fxe4 6. Ng5 Bb4+ 7. c3
Qxd1+ 8. Kxd1 Be7 9. Nxe4 Nf6 10. Nbd2 Nbd7 11. Bd3 Ne5 12. Bb5+ c6 13. Be2
Bd7 14. Nxf6+ gxf6 15. f4 Ng6 16. Nf3 O-O-O 17. Be3 e5 18. fxe5 fxe5 19. g3
Bf5+ 20. Ke1 e4 21. Nd4 Bh3 22. Bf1 Bd7 23. Bg2 c5 24. Nb3 b6 25. Bxe4 Ne5
26. Nd2 Bh3 27. Bf4 Nd3+ 28. Bxd3 Rxd3 29. Nc4 Bf6 30. Rd1 Rxd1+ 31. Kxd1
Rd8+ 32. Kc1 Bg4 33. Re1 Kb7 34. Nd6+ Kc6 35. Nc4 b5 36. Nd2 a5 37. Ne4 Bg7
38. Nf2 Bf5 39. g4 Bc8 40. Re7 Rf8 41. Rxg7 Rxf4 42. Nd3 Rf1+ 43. Kd2 c4
44. Nc1 Rf2+ 45. Ne2 Rxh2 46. Ke3 Rh4 47. g5 Rg4 48. Kf3 Rh4 49. Nd4+ Kb6
50. g6 hxg6 51. Rxg6+ Kb7 52. Nxb5 Bd7 53. Rg7 Kb6 54. Nd4 Ba4 55. Rg6+ Kb7
56. Ke3 Rh2 57. Ne6 Bd1 58. Nc5+ Kc7 59. Rg1 Bh5 60. Rg7+ Kc6 61. Rg5 1-0

[Event "41st Festival MTO"]
[Site "Biel SUI"]
[Date "2008.07.28"]
[Round "7"]
[White "Jenni,F"]
[Black "Raetsky,A"]
[Result "1/2-1/2"]
[WhiteElo "2544"]
[BlackElo "2421"]
[EventDate "2008.07.21"]

1. c4 e5 2. Nc3 Nf6 3. g3 c6 4. d4 exd4 5. Qxd4 d5 6. Bg2 dxc4 7. Qxc4 Be6
8. Qa4 Nbd7 9. Nf3 Nc5 10. Qc2 Qc8 11. O-O Be7 12. Nd4 Bh3 13. e4 Bxg2 14.
Kxg2 O-O 15. Nf5 Qe6 16. f3 Rfd8 17. Nxe7+ Qxe7 18. Be3 Ne6 19. Rad1 b6 20.
Qa4 Qb7 21. Qc4 Nd7 22. Qe2 a5 23. Rd2 Ndc5 24. Rfd1 Qc7 25. f4 Qe7 26. f5
Rxd2 27. Rxd2 Nf8 28. Bxc5 Qxc5 29. Qf2 Qb4 30. Qf4 Qe7 31. Qd6 Qb7 32. Qe5
h6 33. h4 Nh7 34. Rd6 Nf6 35. Qf4 Re8 36. e5 Nd7 37. e6 fxe6 38. fxe6 Nf6
39. Qf3 Qe7 40. Qxc6 Rf8 41. Rd2 Rd8 42. Re2 Rd6 43. Qc8+ Rd8 44. Qc4 Kh8
45. Qf4 Rd3 46. Qf5 Qd6 47. Qe5 Qxe5 48. Rxe5 Kg8 49. e7 Kf7 50. Ne4 Ne8
51. Rb5 Nd6 52. Re5 Ke8 53. Nc3 Rd2+ 54. Kh3 Rxb2 1/2-1/2

[Event "41st Festival MTO"]
[Site "Biel SUI"]
[Date "2008.07.28"]
[Round "7"]
[White "Hoffmeyer,F"]
[Black "Kim,Alex"]
[Result "0-1"]
[WhiteElo "2282"]
[BlackElo "2460"]
[EventDate "2008.07.21"]

1. d4 e6 2. Bf4 Nf6 3. e3 b6 4. Nf3 Bb7 5. Bd3 Be7 6. h3 c5 7. c3 O-O 8.
O-O Ba6 9. Bxa6 Nxa6 10. Nbd2 Nb8 11. Qe2 Qc8 12. Ne5 Nc6 13. Qf3 d5 14.
Ng4 Rd8 15. Nxf6+ Bxf6 16. Qg3 Qa6 17. Nf3 Qe2 18. Rab1 Rdc8 19. Nh2 Qd3
20. Ng4 Be7 21. Rfe1 cxd4 22. exd4 Qxg3 23. Bxg3 b5 24. a3 a5 25. f4 g6 26.
Re3 b4 27. axb4 axb4 28. Ne5 Na5 29. Be1 Nb7 30. Nd3 bxc3 31. bxc3 Nd6 32.
Ne5 Ra3 33. Rf3 Rc7 34. Rb8+ Kg7 35. Rb6 Ra1 36. Rf1 Ne4 37. Nc6 Bf6 38. g4
h6 39. h4 h5 40. g5 Be7 41. Nxe7 Rxe7 42. c4 dxc4 43. d5 Raa7 44. dxe6 Rxe6
45. Rb8 c3 46. Rc8 Ra3 47. Rc7 Nd2 0-1

[Event "41st Festival MTO"]
[Site "Biel SUI"]
[Date "2008.07.28"]
[Round "7"]
[White "Belov,Vl"]
[Black "Berczes,D"]
[Result "1/2-1/2"]
[WhiteElo "2561"]
[BlackElo "2458"]
[EventDate "2008.07.21"]

1. e4 e6 2. d4 d5 3. Nc3 Nf6 4. Bg5 dxe4 5. Nxe4 Be7 6. Bxf6 gxf6 7. Qd3 b6
8. O-O-O f5 9. Nc3 c6 10. Nf3 Nd7 11. g3 Bb7 12. Bh3 b5 13. Rhe1 Qa5 14.
Nd2 b4 15. Nb3 Qa6 16. Qxa6 Bxa6 17. Na4 O-O-O 18. Nac5 Bc4 19. Nd3 Bd6 20.
c3 bxc3 21. bxc3 Kc7 22. Kc2 h5 23. Nd2 Bxd3+ 24. Kxd3 c5 25. Ke2 Nb6 26.
Rb1 Rb8 27. Bg2 Na4 28. Kd3 h4 29. Nc4 hxg3 30. hxg3 Nb6 31. Ne3 Kd7 32.
Rb5 cxd4 33. cxd4 Rh2 34. Rh1 Rxh1 35. Bxh1 Rh8 36. Bg2 Rh2 37. f4 Rh8 38.
Ra5 Bb8 39. Ke2 Rc8 40. Rc5 Bd6 41. Rxc8 Kxc8 42. Bc6 Kd8 43. Kd3 Bb4 44.
Nc2 Ba5 45. Bf3 Ke7 46. Ke2 Na4 47. a3 Kd6 48. Ne3 1/2-1/2

[Event "41st Festival MTO"]
[Site "Biel SUI"]
[Date "2008.07.28"]
[Round "7"]
[White "Loetscher,R"]
[Black "Ivanisevic,I"]
[Result "0-1"]
[WhiteElo "2375"]
[BlackElo "2664"]
[EventDate "2008.07.21"]

1. d4 Nf6 2. c4 e6 3. Nf3 c5 4. d5 d6 5. Nc3 g6 6. e4 Bg7 7. Bd3 O-O 8. h3
Na6 9. O-O Nc7 10. Bg5 h6 11. Be3 exd5 12. exd5 b5 13. b3 Re8 14. Qd2 Kh7
15. a3 Rb8 16. Rab1 a5 17. a4 bxc4 18. bxc4 Rb4 19. Ne1 Ba6 20. Qa2 Nd7 21.
Nb5 Nb6 22. Rxb4 axb4 23. Nc2 Nc8 24. Na1 Re7 25. Nb3 Ne8 26. Nxc5 Rxe3 27.
fxe3 dxc5 28. Rxf7 Ned6 29. Rf3 Be5 30. Qc2 Kg7 31. Bxg6 b3 32. Qb1 Bxb5
33. axb5 b2 34. Bd3 Qa5 35. Qd1 h5 36. Rf1 Kh6 37. Qf3 Qd8 38. g3 Qg5 39.
Kg2 Nb6 40. h4 Qg7 41. Kh1 Nbxc4 42. Be2 Qg6 43. Qf8+ Kh7 44. Qe7+ Bg7 45.
e4 Ne5 0-1

[Event "41st Festival MTO"]
[Site "Biel SUI"]
[Date "2008.07.29"]
[Round "8"]
[White "Bauer,Ch"]
[Black "Cherniaev,A1"]
[Result "1-0"]
[WhiteElo "2583"]
[BlackElo "2431"]
[EventDate "2008.07.21"]

1. d4 d5 2. Nf3 e6 3. c4 c6 4. e3 Bd6 5. Bd3 f5 6. O-O Nf6 7. b3 Qe7 8. Bb2
O-O 9. Nc3 Ne4 10. Ne2 a5 11. Ne5 a4 12. bxa4 Nd7 13. f4 Bb4 14. Bxe4 fxe4
15. Qb3 Nxe5 16. fxe5 Rxf1+ 17. Rxf1 b6 18. cxd5 cxd5 19. Bc3 Ba3 20. Nf4
Rb8 21. Rb1 Ba6 22. Bb4 Bxb4 23. Qxb4 Qf7 24. Qd6 Re8 25. h4 1-0

[Event "41st Festival MTO"]
[Site "Biel SUI"]
[Date "2008.07.29"]
[Round "8"]
[White "Kim,Alex"]
[Black "Nezad,H"]
[Result "1/2-1/2"]
[WhiteElo "2460"]
[BlackElo "2372"]
[EventDate "2008.07.21"]

1. e4 c6 2. d4 d5 3. Nd2 dxe4 4. Nxe4 Bf5 5. Ng3 Bg6 6. h4 h6 7. Nh3 Nf6 8.
Nf4 Bh7 9. Bc4 Nbd7 10. O-O Nb6 11. Bb3 a5 12. a3 a4 13. Ba2 e6 14. Re1
Nbd5 15. c4 Nxf4 16. Bxf4 Ra5 17. Rc1 Be7 18. d5 cxd5 19. cxd5 Nxd5 20.
Bxd5 Rxd5 21. Qg4 O-O 22. Bc7 Qe8 23. Be5 f6 24. Rc7 Kh8 25. Bc3 Rd7 26.
Rxd7 1/2-1/2

[Event "41st Festival MTO"]
[Site "Biel SUI"]
[Date "2008.07.29"]
[Round "8"]
[White "Hug,W"]
[Black "Bindrich,F"]
[Result "1/2-1/2"]
[WhiteElo "2437"]
[BlackElo "2516"]
[EventDate "2008.07.21"]

1. d4 c5 2. c3 Nf6 3. Nf3 d5 4. Bf4 Nc6 5. e3 Qb6 6. Qb3 c4 7. Qc2 Bf5 8.
Qc1 e6 9. Nbd2 Nh5 10. Bg3 Nxg3 11. hxg3 h6 12. Be2 Be7 13. Bd1 Qc7 14. Bc2
b5 15. Bxf5 exf5 16. Qc2 g6 17. Ng1 Nb8 18. Ne2 Nd7 19. Nf4 Nf6 20. b3 Kf8
21. bxc4 bxc4 22. Rb1 Kg7 23. O-O Bd6 24. Rb5 a6 25. Rb2 Ba3 26. Rbb1 Qc6
27. Nf3 Nd7 28. Rfd1 Rhe8 29. Rd2 a5 30. Qd1 Rad8 31. Ne5 Nxe5 32. dxe5
Rxe5 33. Qf3 Re4 34. Rbd1 d4 35. Rxd4 Rdxd4 36. Rxd4 Bb2 37. Nd5 Rxd4 38.
exd4 Qe6 39. Kf1 a4 40. Qe2 a3 41. Qxc4 Bxc3 42. Qxc3 Qxd5 43. Qxa3 Qxd4
44. Qb3 f4 1/2-1/2

[Event "41st Festival MTO"]
[Site "Biel SUI"]
[Date "2008.07.29"]
[Round "8"]
[White "Ulibin,M"]
[Black "Onoprienko,V"]
[Result "1-0"]
[WhiteElo "2520"]
[BlackElo "2309"]
[EventDate "2008.07.21"]

1. e4 c5 2. Nf3 g6 3. c4 Bg7 4. d4 cxd4 5. Nxd4 Nc6 6. Be3 Qb6 7. Nb3 Qc7
8. Nc3 Bxc3+ 9. bxc3 Nf6 10. f3 O-O 11. c5 b6 12. cxb6 axb6 13. Bg5 Qe5 14.
Qd2 d5 15. Nd4 Nxd4 16. cxd4 Qe6 17. e5 Nd7 18. Bh6 Nxe5 19. Kf2 Nc6 20.
Bxf8 Kxf8 21. Bb5 Qf6 22. Bxc6 Qxc6 23. Qh6+ Kg8 24. Rhe1 Qf6 25. Re5 e6
26. Kg3 Ba6 27. Rb1 Qd8 28. h4 Bd3 29. Rb2 Qd6 30. Qf4 h5 31. Re3 Qxf4+ 32.
Kxf4 Bc4 33. a3 b5 34. g4 Kg7 35. gxh5 gxh5 36. Ke5 f6+ 37. Kd6 Kf7 38. Rg2
Ra4 39. f4 b4 40. axb4 Rxb4 41. Reg3 1-0

[Event "41st Festival MTO"]
[Site "Biel SUI"]
[Date "2008.07.29"]
[Round "8"]
[White "Kamber,B"]
[Black "Ramesh,R"]
[Result "0-1"]
[WhiteElo "2327"]
[BlackElo "2478"]
[EventDate "2008.07.21"]

1. e4 e5 2. Nf3 Nc6 3. Nc3 Nf6 4. Bb5 Bd6 5. d4 exd4 6. Nxd4 O-O 7. O-O Re8
8. Nxc6 dxc6 9. Bd3 Ng4 10. h3 Qh4 11. Bd2 Ne5 12. Re1 Re6 13. f4 Rg6 14.
Bf1 Bg4 15. Re2 Nf3+ 16. Kh1 Qg3 17. gxf3 Bxf3+ 0-1

[Event "41st Festival MTO"]
[Site "Biel SUI"]
[Date "2008.07.29"]
[Round "8"]
[White "Baramidze,D"]
[Black "Meier,V"]
[Result "1-0"]
[WhiteElo "2593"]
[BlackElo "2276"]
[EventDate "2008.07.21"]

1. e4 e5 2. Nf3 Nc6 3. Bc4 Nf6 4. d3 Bc5 5. Bb3 d6 6. c3 a6 7. O-O O-O 8.
Bg5 h6 9. Bh4 Qe7 10. Nbd2 Ba7 11. Nc4 g5 12. Nxg5 Nxe4 13. dxe4 hxg5 14.
Bg3 Kg7 15. Ne3 Qf6 16. Nd5 Qd8 17. Qd2 f6 18. Kh1 Ne7 19. f4 Nxd5 20. Bxd5
exf4 21. Bxf4 Qe7 22. Rf3 Be6 23. Raf1 Bxd5 24. Qxd5 gxf4 25. Rxf4 Be3 26.
Rg4+ Bg5 27. h4 Rh8 28. g3 c6 29. Qf5 Rae8 30. Kg2 Rh5 31. hxg5 fxg5 32. e5
dxe5 33. Re4 Rh6 34. Rd1 Rd6 35. Rg4 Qf7 36. Qxf7+ 1-0

[Event "41st Festival MTO"]
[Site "Biel SUI"]
[Date "2008.07.29"]
[Round "8"]
[White "Thomassen,J"]
[Black "Cebalo,M"]
[Result "0-1"]
[WhiteElo "2357"]
[BlackElo "2523"]
[EventDate "2008.07.21"]

1. e4 c5 2. Nf3 d6 3. d4 cxd4 4. Nxd4 Nf6 5. Nc3 e6 6. g4 h6 7. h4 Nc6 8.
Rg1 h5 9. gxh5 Nxh5 10. Bg5 Nf6 11. Qd2 Qb6 12. Nb3 a6 13. O-O-O Bd7 14.
Rg3 Qc7 15. Bg2 Rc8 16. Qe2 Be7 17. Kb1 b5 18. Re3 Ne5 19. a3 Nh5 20. Rh3
Nc4 21. Nd4 g6 22. Bf3 Qc5 23. Bxh5 Rxh5 24. Nb3 Qb6 25. Bxe7 Kxe7 26. f4
a5 27. e5 dxe5 28. Rhd3 Be8 29. f5 Rxf5 30. Ne4 a4 31. Nbd2 Bc6 32. Nxc4
bxc4 33. Nd6 cxd3 34. Nxc8+ Kf8 35. Qxd3 Qd4 36. Qe2 Rf2 37. Qe1 Qc5 38.
Ka1 Bg2 39. Nd6 Qxc2 40. Nc4 Bd5 41. Rc1 Qe2 42. Qb4+ Kg7 43. Nd6 Rf1 44.
Qc3 Rxc1+ 45. Qxc1 Bb3 46. Ne8+ Kf8 0-1

[Event "41st Festival MTO"]
[Site "Biel SUI"]
[Date "2008.07.29"]
[Round "8"]
[White "Weindl,A"]
[Black "Skoberne,J"]
[Result "0-1"]
[WhiteElo "2352"]
[BlackElo "2499"]
[EventDate "2008.07.21"]

1. g3 Nf6 2. Nf3 b5 3. Bg2 Bb7 4. O-O e6 5. d3 d6 6. e4 Nbd7 7. Nh4 c5 8.
f4 Qb6 9. Qe2 Be7 10. a4 a6 11. e5 dxe5 12. fxe5 c4+ 13. Be3 Bc5 14. exf6
Bxe3+ 15. Kh1 Nxf6 16. axb5 cxd3 17. cxd3 O-O 18. bxa6 Rxa6 19. Na3 Bc5 20.
Nc4 Qc7 21. Rxa6 Bxa6 22. Ra1 Bb5 23. Nf3 Rb8 24. Qe5 Qxe5 25. Nfxe5 Nd5
26. Ra5 Bd4 27. b3 Nb4 28. Be4 f5 29. Bf3 Bxe5 30. Nxe5 Nxd3 31. Nxd3 Bxd3
32. Ra8 Rxa8 33. Bxa8 Kf7 34. Kg2 Ke7 35. Kf3 Kd6 36. Ke3 Bb5 37. Bf3 g5
38. b4 Ke5 39. Bh5 f4+ 40. gxf4+ gxf4+ 41. Kf3 Bc6+ 42. Kf2 Kd4 43. Be2 e5
44. Ba6 Bd5 0-1

[Event "41st Festival MTO"]
[Site "Biel SUI"]
[Date "2008.07.29"]
[Round "8"]
[White "Kovacevic,A"]
[Black "Narayanan,Sr"]
[Result "1/2-1/2"]
[WhiteElo "2585"]
[BlackElo "2220"]
[EventDate "2008.07.21"]

1. e4 e5 2. Nf3 Nc6 3. Bb5 a6 4. Bxc6 dxc6 5. O-O Be7 6. d3 Bf6 7. Nbd2 Ne7
8. Nc4 Ng6 9. a4 b6 10. b3 O-O 11. Bb2 Re8 12. h3 c5 13. Kh1 h6 14. Nh2 Be6
15. Ng4 Bxc4 16. bxc4 a5 17. f4 Nxf4 18. Rxf4 exf4 19. Bxf6 gxf6 20. Nxh6+
Kf8 21. Qh5 Ke7 22. Qxf7+ Kd6 23. Qd5+ Ke7 24. Qf7+ Kd6 25. Qd5+ Ke7 26.
Qc6 Kf8 27. Rf1 Qd6 28. Qxd6+ cxd6 29. Rxf4 d5 30. Ng4 dxc4 31. Nxf6 Re7
32. dxc4 Rd8 33. Nd5+ Rf7 34. Rh4 Rf1+ 35. Kh2 Re8 36. Nxb6 Kg7 37. Rh5 Re6
38. Nd7 Rxe4 39. Rxc5 Rf2 40. Rxa5 Rxc4 41. Nb6 Rcxc2 42. Rg5+ Kh6 43. h4
Rf4 44. Kh3 Rc1 45. g3 Rb4 46. a5 Rh1+ 47. Kg2 Ra1 1/2-1/2

[Event "41st Festival MTO"]
[Site "Biel SUI"]
[Date "2008.07.29"]
[Round "8"]
[White "Shachar,E"]
[Black "Heinis,V"]
[Result "1/2-1/2"]
[WhiteElo "2366"]
[BlackElo "2116"]
[EventDate "2008.07.21"]

1. e4 e6 2. d3 d5 3. Nd2 Nf6 4. Ngf3 b6 5. c3 Be7 6. e5 Nfd7 7. Qa4 O-O 8.
h4 f6 9. d4 a5 10. exf6 Bxf6 11. Qc2 e5 12. Bd3 h6 13. dxe5 Qe7 14. Nf1 Nc6
15. Be3 Ncxe5 16. Nxe5 Nxe5 17. Bh7+ Kh8 18. O-O-O Ng4 19. Re1 Be6 20. Ng3
Nxe3 21. Rxe3 Bxh4 22. Kb1 Bxg3 23. fxg3 Qf6 24. Rf3 Qg5 25. Re1 1/2-1/2

[Event "41st Festival MTO"]
[Site "Biel SUI"]
[Date "2008.07.29"]
[Round "8"]
[White "Duschek,V"]
[Black "Loetscher,R"]
[Result "0-1"]
[WhiteElo "2273"]
[BlackElo "2375"]
[EventDate "2008.07.21"]

1. e4 c5 2. Nf3 d6 3. d4 cxd4 4. Nxd4 Nf6 5. Nc3 g6 6. Be3 Bg7 7. f3 Nc6 8.
Qd2 O-O 9. Bc4 Bd7 10. h4 h5 11. O-O-O Rc8 12. Bb3 Ne5 13. Bg5 b5 14. Ndxb5
Qb6 15. Nd4 Rc5 16. Bxf6 Bxf6 17. Nd5 Rxd5 18. Bxd5 Rb8 19. Qc3 e6 20. f4
Ng4 21. Bb3 Nf2 22. Rhe1 Nxd1 23. Rxd1 a5 24. e5 Be7 25. a4 dxe5 26. fxe5
Bc5 27. Nf3 Bc6 28. Ng5 Bxg2 29. Kb1 Rb7 30. Rd2 Bc6 31. Qc4 Re7 32. Rd3
Qb4 33. Rd8+ Re8 34. Qf1 Qb7 35. Qf6 Qe7 36. Rxe8+ Bxe8 37. Qf4 Bc6 38. c3
Bb6 39. Bc2 Bc7 40. Be4 Be8 41. Nf3 Bd8 42. Qh6 Qc5 43. Bc2 Qf2 44. Qf4
Qf1+ 45. Ka2 Bc6 0-1

[Event "41st Festival MTO"]
[Site "Biel SUI"]
[Date "2008.07.29"]
[Round "8"]
[White "Klauser,M"]
[Black "Georg,Mi"]
[Result "1/2-1/2"]
[WhiteElo "2394"]
[BlackElo "2223"]
[EventDate "2008.07.21"]

1. e4 e5 2. Nf3 Nc6 3. Bc4 Nf6 4. d3 Bc5 5. c3 a6 6. Bb3 d6 7. Nbd2 Ba7 8.
h3 O-O 9. O-O Be6 10. Re1 Bxb3 11. Qxb3 Qd7 12. Nc4 b5 13. Ne3 Ne7 14. a4
c6 15. Qa2 Ng6 16. Nf1 Nh5 17. d4 Rfe8 18. d5 Nhf4 19. Bxf4 Nxf4 20. Ne3
Bxe3 21. fxe3 Nd3 22. Re2 Nc5 23. axb5 cxb5 24. Nd2 f5 25. exf5 Qxf5 26. e4
Qg5 27. Nf3 Qg3 28. Re3 Rf8 29. b4 Na4 30. Qe2 Rac8 31. Nd4 Qh4 32. Nc6 Rf7
33. Rf1 Rcf8 34. Rxf7 Rxf7 35. Rf3 Rxf3 36. Qxf3 Qf6 37. Qg4 Nxc3 38. Qc8+
Kf7 39. Nd8+ Kg6 40. Qg4+ Qg5 41. Qe6+ Kh5 42. Qf7+ Kh4 43. Qf3 Qg3 44. Nf7
1/2-1/2

[Event "41st Festival MTO"]
[Site "Biel SUI"]
[Date "2008.07.29"]
[Round "8"]
[White "Mas,H"]
[Black "Benkovic,P"]
[Result "1/2-1/2"]
[WhiteElo "2386"]
[BlackElo "2479"]
[EventDate "2008.07.21"]

1. e4 c5 2. Nf3 Nc6 3. d4 cxd4 4. Nxd4 g6 5. c4 Nf6 6. Nc3 d6 7. Be2 Nxd4
8. Qxd4 Bg7 9. Bg5 O-O 10. Qd2 a5 11. O-O a4 12. Rfd1 Be6 13. f3 Re8 14.
Nb5 Nd7 15. Rac1 Nc5 16. Bf1 Qb6 17. Qf2 Bd7 18. Kh1 Rac8 19. Be3 Be6 20.
Rb1 Ra8 21. b4 axb3 22. axb3 Qc6 23. b4 Na4 24. Nd4 Qc8 25. Rdc1 Bd7 26.
Qd2 Qc7 27. c5 Rec8 28. Nb5 Bxb5 29. Bxb5 dxc5 30. bxc5 Ra5 31. Qb4 Rxb5
32. Qxb5 Nc3 33. Qxb7 Nxb1 34. Qxc7 Rxc7 35. Rxb1 Rc8 36. Kg1 Kf8 37. Kf2
Ke8 38. Rb7 Be5 39. h4 Bc7 40. Ke2 h5 41. Bf2 Kd8 42. g4 Ra8 43. gxh5 gxh5
44. Rb2 Kd7 45. Rd2+ Kc6 46. Rd5 Ra2+ 47. Kf1 Ra1+ 48. Kg2 Ra2 49. f4 Ba5
50. Kf3 Ra3+ 51. Be3 e6 52. Rd6+ Kc7 53. Rd1 Bb4 54. Ke2 Ra2+ 55. Kf3 Ra3
1/2-1/2

[Event "41st Festival MTO"]
[Site "Biel SUI"]
[Date "2008.07.30"]
[Round "9"]
[White "Raetsky,A"]
[Black "Kovacevic,A"]
[Result "1/2-1/2"]
[WhiteElo "2421"]
[BlackElo "2585"]
[EventDate "2008.07.21"]

1. c4 c5 2. Nf3 Nc6 3. d4 cxd4 4. Nxd4 g6 5. e4 Nf6 6. Nc3 d6 7. Be2 Nxd4
8. Qxd4 Bg7 9. Be3 O-O 10. Qd2 Be6 11. f3 Qa5 12. Rc1 Rfc8 13. b3 a6 14.
Nd5 Qxd2+ 15. Kxd2 Nxd5 16. cxd5 Bd7 17. Rxc8+ Rxc8 18. Rc1 1/2-1/2

[Event "41st Festival MTO"]
[Site "Biel SUI"]
[Date "2008.07.30"]
[Round "9"]
[White "Cherniaev,A1"]
[Black "Gleizerov,E"]
[Result "1/2-1/2"]
[WhiteElo "2431"]
[BlackElo "2549"]
[EventDate "2008.07.21"]

1. d4 e6 2. c4 f5 3. Nc3 Nf6 4. Qc2 Be7 5. Nf3 O-O 6. Bg5 Ne4 7. Bxe7 Qxe7
8. e3 Nxc3 9. Qxc3 d6 10. c5 Bd7 11. cxd6 cxd6 12. Be2 Bc6 13. O-O Nd7 14.
Qa3 f4 15. Rac1 fxe3 16. fxe3 Nf6 17. Ne5 Bd5 18. Nd3 Be4 19. Nf4 Nd5 20.
Nxd5 1/2-1/2